Historiae Augustae Scriptores VI. Aelius Spartianus. Vulc. Gallicanus. Julius Capitolinus. Trebell. Pollio. Aelius Lampridius. Flavius Vopiscus Cum integris Notis Isaaci Casauboni, Cl. Salmasii & Jani Gruteri. Cum Indicibus locupletissimis Rerum ac Verborum Tomus I.

Bibliographic Details
Main Author: Casaubon, Isaac, 1559-1614 (Author)
Corporate Author: Officina Hackiana (Holansko, Leiden) (Printer)
Other Authors: Salmasius, Claudius 1588 - 1653 (Commentator for written text), Gruter, Janus 1560 - 1627 (Commentator for written text)
Format: Book
Language:Latin
Greek, Modern (1453- )
PhysicalDescription:16 nečíslovaných strán, 1049 strán, 39 nečíslovaných listov 21 cm
Subjects:

MARC

LEADER 00000nam a2200000 4500
001 vtls011924433
003 SK-MaSNL
005 20260302093344.0
008 200316t1671 ne | r 001 0 lat
015 |a SNBHFA1671 
040 |a SNKHF  |b slo  |c SNK  |e rda 
041 |a lat  |a gre 
044 |a ne  |c NL 
072 7 |a 93/94  |x Dejiny (všeobecne)  |2 konspekt 
080 |a 93/94  |2 2011 
100 1 |a Casaubon, Isaac,  |d 1559-1614  |4 aut  |9 52800 
245 1 0 |a Historiae Augustae Scriptores VI. Aelius Spartianus. Vulc. Gallicanus. Julius Capitolinus. Trebell. Pollio. Aelius Lampridius. Flavius Vopiscus  |b Cum integris Notis Isaaci Casauboni, Cl. Salmasii & Jani Gruteri. Cum Indicibus locupletissimis Rerum ac Verborum  |n Tomus I. 
264 3 |a Lugduni Batav.  |b Ex Officina Hackiana  |c M D C LXXI (1671) 
300 |a 16 nečíslovaných strán, 1049 strán, 39 nečíslovaných listov  |c 21 cm 
336 |a text  |b txt  |2 rdacontent 
337 |a bez média  |b n  |2 rdamedia 
338 |a zväzok  |b nc  |2 rdacarier 
500 |a Ilustrovaný predtitulný list, signet na titulnom liste, kustody, iniciálky s ornamentálnym pozadím na 2 a 4 riadky, úryvky textu v gréckom jazyku, koncová vineta 
504 |a Vysvetlivky a komentáre pod textom, index 
563 |a Väzba pôvodná, pergamenová.  |5 SNK IC 145024/1 
650 0 7 |a dejiny  |2 SNKPH  |9 3825 
700 1 |a Salmasius, Claudius  |d 1588 - 1653  |4 cwt  |9 363520 
700 1 |a Gruter, Janus  |d 1560 - 1627  |4 cwt  |9 718738 
700 1 |a Meerman, Johan  |d 1753 - 1815  |4 hnr  |9 764111 
710 1 |a Officina Hackiana (Holansko, Leiden)  |4 prt  |9 564938 
752 |a Holansko  |d Leiden 
852 |a snk  |b Aponiovská knižnica  |p IC 145024/1 
958 |a DC 
958 |a ONDV 
999 |c 1208521  |d 1210451 
952 |t Op. I/57  |a SNK  |b SNK  |c SNK_HF  |y PREZ  |7 0  |p 17A1392875  |o snkIC 145024/1  |i snk2020/6671  |8 5  |0 0  |1 0  |4 0  |d 2020-03-16  |l 0  |r 2026-02-24 23:04:51  |w 2026-02-24